| 000 | 01550nam0a22002891 4500 | ||
|---|---|---|---|
| 001 | rc\4896636 | ||
| 005 | 20260607075502.0 | ||
| 021 |
_aRU _b[57-18856] |
||
| 035 | _a(NLR Aleph) 008926094 | ||
| 090 |
_a8854879 _c8854879 |
||
| 100 | _a20130426d1957 |||y0rusy50 ca | ||
| 101 | 0 | _arus | |
| 102 | _aRU | ||
| 105 | _ay z ||||| | ||
| 200 | 1 |
_aО Государственном плане развития народного хозяйства РСФСР на 1957 год _eДоклад и заключ. слово на третьей сессии Верховного Совета РСФСР четвертого созыва 12 и 14 марта 1957 г. |
|
| 210 |
_aМосква _cГосполитиздат _d1957 |
||
| 215 |
_a39 с. _d20 |
||
| 423 | 0 |
_11010#$arus _12001#$aЗакон о Государственном плане развития народного хозяйства РСФСР на 1957 год _tЗакон о Государственном плане развития народного хозяйства РСФСР на 1957 год |
|
| 606 |
_aНароднохозяйственный план РСФСР _z1957 _2psbo |
||
| 700 | 1 |
_7ca _8rus _aЯснов _bМ. А. _cгос. деятель _f1906-1991 _gМихаил Алексеевич _3RU\NLR\AUTH\770222366 _9222310 |
|
| 711 | 0 | 1 |
_aРСФСР _bВерховный Совет _bСозыв _bСессия _c4 _d3 _9668689 _3RU\NLR\AUTH\880504439 |
| 801 | 0 |
_aRU _bNLR _gpsbo |
|
| 801 | 1 |
_aRU _bELAR _2rusmarc |
|
| 852 |
_aNLR _j57-4/4965 |
||
| 942 | _cBOOK | ||
| 980 | _aNB | ||